[Event "CAN-ch U18"]
[Site "Laval"]
[Date "2024.07.11"]
[Round "5"]
[White "Peloquin, Charli"]
[Black "Harms, Reece"]
[Result "1-0"]
[WhiteElo "1906"]
[BlackElo "1787"]
[PlyCount "85"]
[EventDate "2024.07.09"]
[EventType "swiss"]
[EventRounds "7"]
[EventCountry "CAN"]
[SourceTitle "EXT 2025"]
[Source "ChessBase"]
[SourceDate "2024.10.14"]
[SourceVersion "1"]
[SourceVersionDate "2024.10.14"]
[SourceQuality "1"]

1. d4 Nf6 2. Nf3 d5 3. Bf4 c5 4. e3 Nc6 5. c3 Qb6 6. Qb3 c4 7. Qxb6 axb6 8. Na3 Ra5 9. Bc7 Nd7 10. e4 e6 11. Nc2 Ra6 12. b3 b5 13. Nd2 b4 14. bxc4 bxc3 15. Nb1 Nb4 16. Kd1 Rxa2 17. Rxa2 Nxa2 18. exd5 exd5 19. c5 Nf6 20. Bb5+ Bd7 21. Re1+ Be7 22. Nba3 Bxb5 23. Nxb5 Kd7 24. f3 Re8 25. Bf4 Ra8 26. Ke2 Ra5 27. Rb1 Kc6 28. Nba3 Nd7 29. Ra1 Nxc5 30. dxc5 Ra4 31. Be3 Nb4 32. Nd4+ Kd7 33. Nb3 Bf6 34. Nc2 Rxa1 35. Nbxa1 Na6 36. Kd3 Kc6 37. Nb3 Nc7 38. Na5+ Kb5 39. Nxb7 Ka4 40. c6 Be5 41. f4 Bf6 42. Nd6 Ka5 43. Na3 1-0

[Event "Quebec op"]
[Site "Montreal"]
[Date "2023.08.04"]
[Round "9"]
[White "Avarian, Aram Sevag"]
[Black "Peloquin, Charli"]
[Result "1-0"]
[WhiteElo "1842"]
[BlackElo "1791"]
[PlyCount "84"]
[EventDate "2023.07.29"]
[EventType "swiss"]
[EventRounds "9"]
[EventCountry "CAN"]
[SourceTitle "CBM 215 Extra"]
[Source "ChessBase"]
[SourceDate "2023.09.30"]
[SourceVersion "1"]
[SourceVersionDate "2023.09.30"]
[SourceQuality "1"]

1. e4 Nf6 2. e5 Nd5 3. d4 d6 4. Nf3 Bg4 5. Be2 dxe5 6. Nxe5 Bxe2 7. Qxe2 e6 8. Qb5+ c6 9. Qxb7 Qc7 10. Qxc7 Nxc7 11. Be3 f6 12. Nd3 Nd5 13. Nc3 Nxc3 14. bxc3 Nd7 15. f4 g6 16. Kd2 Nb6 17. Ke2 Kd7 18. Nf2 h5 19. Ne4 Be7 20. Rhd1 Kc7 21. Rd3 Nc4 22. Nc5 Bxc5 23. dxc5 Nxe3 24. Kxe3 Rhd8 25. Rad1 Rd5 26. Rxd5 cxd5 27. Kd4 Rb8 28. Re1 Kd7 29. Re3 Rb2 30. Kd3 Rxa2 31. c6+ Kd6 32. c7 Kxc7 33. Rxe6 Rb2 34. Rxf6 Rb6 35. Rf7+ Kb8 36. Kd4 Rc6 37. g3 a5 38. Rd7 Rc4+ 39. Kd3 Rc5 40. Rd6 Kb7 41. Rxg6 d4 42. cxd4 Rb5 1-0

[Event "Quebec op"]
[Site "Montreal"]
[Date "2023.08.04"]
[Round "8"]
[White "Pomerantz, Daniel"]
[Black "Peloquin, Charli"]
[Result "0-1"]
[WhiteElo "1979"]
[BlackElo "1791"]
[PlyCount "114"]
[EventDate "2023.07.29"]
[EventType "swiss"]
[EventRounds "9"]
[EventCountry "CAN"]
[SourceTitle "CBM 215 Extra"]
[Source "ChessBase"]
[SourceDate "2023.09.30"]
[SourceVersion "1"]
[SourceVersionDate "2023.09.30"]
[SourceQuality "1"]

1. e4 c6 2. d4 d5 3. exd5 cxd5 4. Bd3 Nc6 5. c3 Nf6 6. h3 Ne4 7. Qf3 Be6 8. Ne2 f5 9. Nf4 Bf7 10. h4 e5 11. dxe5 Nxe5 12. Bb5+ Nc6 13. Nd3 Qe7 14. 0-0 g6 15. g3 Bg7 16. Be3 0-0 17. Bxc6 bxc6 18. Re1 Qd6 19. Bf4 Qe7 20. Qe3 Qb7 21. f3 Nf6 22. Nd2 Rfe8 23. Qf2 Nd7 24. Nb3 Qb5 25. Rad1 Rxe1+ 26. Qxe1 c5 27. Nbc1 c4 28. Nb4 a5 29. Nc2 Qxb2 30. Nd4 Re8 31. Qd2 Qxd2 32. Bxd2 Rb8 33. Bf4 Rb2 34. Rd2 Rb1 35. Re2 Nc5 36. Kf2 Rxc1 37. Bxc1 Nd3+ 38. Ke3 Nxc1 39. Rb2 f4+ 40. gxf4 Bh6 41. Rb8+ Kg7 42. a4 Nd3 43. Ne2 Nc5 44. Rb5 Nxa4 45. Rxa5 Nb2 46. Nc1 Nd1+ 47. Kd2 Nf2 48. Ke3 Nh3 49. Ne2 Kf6 50. Ra6+ Be6 51. Ra7 Nxf4 52. Rxh7 Nxe2+ 53. Kxe2 Bg7 54. h5 Bg8 55. hxg6 Bxh7 56. gxh7 Kg6 57. Ke3 Bxc3 0-1

[Event "Quebec op"]
[Site "Montreal"]
[Date "2023.07.31"]
[Round "4"]
[White "Guillemette, Hugo"]
[Black "Peloquin, Charli"]
[Result "1-0"]
[WhiteElo "1955"]
[BlackElo "1791"]
[PlyCount "69"]
[EventDate "2023.07.29"]
[EventType "swiss"]
[EventRounds "9"]
[EventCountry "CAN"]
[SourceTitle "CBM 215 Extra"]
[Source "ChessBase"]
[SourceDate "2023.09.30"]
[SourceVersion "1"]
[SourceVersionDate "2023.09.30"]
[SourceQuality "1"]

1. e4 Nf6 2. e5 Nd5 3. d4 d6 4. c4 Nb6 5. exd6 cxd6 6. Nc3 g6 7. Be3 Bg7 8. Rc1 Nc6 9. b3 0-0 10. Be2 Bf5 11. Nf3 Rc8 12. 0-0 e5 13. dxe5 dxe5 14. c5 Nd7 15. Nb5 e4 16. Nd2 Nde5 17. Nd6 Nb4 18. N2xe4 Bxe4 19. Nxe4 Nxa2 20. Ra1 Nb4 21. Nd6 Ra8 22. Ra4 a5 23. Nxb7 Qc7 24. Nxa5 Rfd8 25. Qb1 Nd5 26. Bd2 Qxc5 27. Nb7 Qe7 28. Nxd8 Rxd8 29. Re1 h5 30. Qc1 Qb7 31. Ba5 Rc8 32. Qd1 Bh6 33. Ba6 Qxa6 34. Qxd5 Ng4 35. h3 1-0